Top 10 des pays avec le plus de sites classés au patrimoine de l’UNESC - Statistiques

Statistiques générales
  • Ce quiz a été pris 144 fois
  • Le résultat moyen est 9 sur 10
Statistiques - réponses
Hint sites classés Réponse % Correct
4 45 France
100%
10 23 Etats-Unis
98%
3 47 Espagne
96%
2 53 Chine
95%
1 54 Italie
95%
5 44 Allemagne
90%
8 31 Royaume-Uni
89%
9 28 Russie
89%
6 37 Inde
78%
7 35 Mexique
78%
Aucun quiz correspondant
Distribution des résultats
% des personnes avec chaque résultat
Percentile par nombre de réponses
Votre historique - résultats
Vous n’avez pas pris ce quiz